Mýty a fakty o Slovenskej ekonomike

Základné problémy ekonomických ukazovateľov. Najpoužívanejší ukazovateľ - hrubý domáci produkt (HDP). Reálny rast HDP. Podiel obyvateľov na pokraji chudoby po sociálnych transferoch. Úroveň dosiahnutého vzdelania mládeže. Index ekonomickej slobody. Ukazovateľ podnikania.

Enregistré dans:
Détails bibliographiques
Auteur principal: Tkáč, Michal, 1958-
Autres auteurs: Kicáková, Katarína, Lyócsa, Štefan, 1982-
Format: Chapitre de livre
Langue:slovaque
Sujets:
Tags: Ajouter un tag
Pas de tags, Soyez le premier à ajouter un tag!

MARC

LEADER 00000nla$a2200000$$$4500
001 0051069
005 20240502071607.4
041 0 |a slo 
044 |a SK 
245 1 0 |a Mýty a fakty o Slovenskej ekonomike  |c Michal Tkáč, Katarína Kicáková, Štefan Lyócsa 
520 |a Základné problémy ekonomických ukazovateľov. Najpoužívanejší ukazovateľ - hrubý domáci produkt (HDP). Reálny rast HDP. Podiel obyvateľov na pokraji chudoby po sociálnych transferoch. Úroveň dosiahnutého vzdelania mládeže. Index ekonomickej slobody. Ukazovateľ podnikania. 
610 2 0 |a hospodárstvo národné 
610 2 0 |a Slovensko 
610 2 0 |a ukazovatele ekonomické 
610 2 0 |a produkt domáci hrubý 
610 2 0 |a sloboda ekonomická 
610 2 0 |a podnikanie 
610 2 0 |a chudoba 
610 2 0 |a vzdelanie 
100 1 |a Tkáč, Michal, 1958- 
700 1 |a Kicáková, Katarína 
700 1 |a Lyócsa, Štefan, 1982-